00996nam a2200241 a 450000100100000000500170001000800410002702000150006804000250008308200170010810000230012524501260014826000540027430000280032865000180035665000280037465000320040270000270043470000400046195201150050195201210061699900170073700001854620200929165825.0100511s1988 xxua r 000 0 spa d a0311110479 aDO-SdBNPbspacBNPHU a790.1bR495j1 aRice, Wayne94010710aJuegos para cada ocasión /cWayne Rice, Mike Yaconelli ; ilustraciones Dan Pegoda ; traducción Julia A. López Lazo. aEstados Unidos :bEditorial Mundo Hispano,c1988. a191 p. :bil. ;c21 cm. 4aJuegos940108 4aJuegos en grupos940109 4aJuegos al aire libre9401101 aYaconelli, Mike9401111 aLópez Lazo, Julia A.,etr.940112 001050718MOaGRbGRcHDd2010-05-11iLF1l0o790.1 R495jp18546-10r2020-06-25w2020-06-25y1ZNo se presta 001150718MOaGRbGRcMId2017-04-06iLF1l0o790.1 R495jp18546-20r2020-06-25te. 2w2020-06-25y1ZNo se presta c18066d18066